Pun(k)tum : artworld and theories to understand it = svet umenia a teórie k jeho porozumeniu /

Hlavní autor: Urban, Marek
Korporativní autor: Univerzita J.E. Purkyně v Ústí nad Labem. Fakulta umění a designu
Jazyk: Slovenština
Angličtina
Vydáno: In Ústí nad Labem : Faculty of Artand Design at Jan Evangelista Purkyně University, 2021
Vydání: First edition
Témata:
Fyzický popis: 75 stran : ilustrace, portréty ; 23 cm
Language note: Anglický a souběžný slovenský text
Knihy
Uloženo v:
LEADER 02427nam a2200577 i 4500
001 nkc20223426257
003 CZ PrNK
005 20220711081831.0
007 ta
008 220601s2021 xr ac e p 001 0 eng
015 |a cnb003426257 
020 |a 978-80-7561-311-0  |q (brožováno) 
035 |a (OCoLC)1335743319 
040 |a OLA001  |b cze  |e rda 
041 1 |a eng  |a slo  |h slo 
072 7 |a 77  |x Fotografie. Fotografické postupy  |2 Konspekt  |9 21 
072 7 |a 37.016  |x Učební osnovy. Vyučovací předměty. Učebnice  |2 Konspekt  |9 22 
080 |a 77.04  |2 MRF 
080 |a 77.03  |2 MRF 
080 |a 7.073  |2 MRF 
080 |a (07)  |2 MRF 
100 1 |a Urban, Marek  |7 xx0257606  |4 aut 
245 1 0 |a Pun(k)tum :  |b artworld and theories to understand it = svet umenia a teórie k jeho porozumeniu /  |c Marek Urban 
246 3 0 |a Artworld and theories to understand it 
246 3 0 |a Svet umenia a teórie k jeho porozumeniu 
246 3 3 |a Punktum 
250 |a First edition 
264 1 |a In Ústí nad Labem :  |b Faculty of Artand Design at Jan Evangelista Purkyně University,  |c 2021 
300 |a 75 stran :  |b ilustrace, portréty ;  |c 23 cm 
336 |a text  |b txt  |2 rdacontent 
337 |a bez média  |b n  |2 rdamedia 
338 |a svazek  |b nc  |2 rdacarrier 
500 |a "Studijní opora pro potřeby studijních předmětů v programu Výtvarná umění a design vyučovaných v cizím jazyce na FUD UJEP" 
504 |a Obsahuje bibliografii, bibliografické odkazy a rejstřík 
546 |a Anglický a souběžný slovenský text 
650 0 7 |a umělecká fotografie  |7 ph126879  |2 czenas 
650 0 7 |a dokumentární fotografie  |7 ph119534  |2 czenas 
650 0 7 |a interpretace uměleckého díla  |7 ph162886  |2 czenas 
650 0 9 |a artistic photography  |2 eczenas 
650 0 9 |a documentary photography  |2 eczenas 
650 0 9 |a art interpretation  |2 eczenas 
655 7 |a učební texty  |7 fd133599  |2 czenas 
655 9 |a educational texts  |2 eczenas 
710 2 |a Univerzita J.E. Purkyně v Ústí nad Labem.  |b Fakulta umění a designu  |7 ko2009297727  |4 isb 
910 2 |a BOA001  |b 2-1487.797 
928 9 |a Fakulta umění a designu Univerzity Jana Evangelisty Purkyně 
928 9 |a Univerzita Jana Evangelisty Purkyně v Ústí nad Labem, Fakulta umění a designu 
990 |a BK 
995 |a 01 
991 |b 202207  |c NOV 
996 6 |b 2610906673  |c 2-1487.797  |l MZK  |r Sklad / do 1 hodiny  |n 0  |p p.v.  |w 001890563  |u 000010  |a 1  |e BOA001  |j MZK50  |s P